|
|
|
|
| LEADER |
00000cam a22000004a 4500 |
| 001 |
musev2_61516 |
| 003 |
MdBmJHUP |
| 005 |
20230905050336.0 |
| 006 |
m o d |
| 007 |
cr||||||||nn|n |
| 008 |
101117r20092008mau o 00 0 eng d |
| 020 |
|
|
|a 9781684174737
|
| 020 |
|
|
|z 9780674033399
|
| 020 |
|
|
|z 1684174732
|
| 035 |
|
|
|a (OCoLC)1132225899
|
| 040 |
|
|
|a MdBmJHUP
|c MdBmJHUP
|
| 100 |
1 |
|
|a Totani, Yuma,
|d 1972-
|e author.
|
| 245 |
1 |
4 |
|a The Tokyo War Crimes Trial :
|b The Pursuit of Justice in the Wake of World War II /
|c Yuma Totani.
|
| 264 |
|
1 |
|a London :
|b Harvard University Press,
|c 2009.
|
| 264 |
|
3 |
|a Baltimore, Md. :
|b Project MUSE,
|c 2020
|
| 264 |
|
4 |
|c ©2009.
|
| 300 |
|
|
|a 1 online resource (368 pages):
|b illustrations.
|
| 336 |
|
|
|a text
|b txt
|2 rdacontent
|
| 337 |
|
|
|a computer
|b c
|2 rdamedia
|
| 338 |
|
|
|a online resource
|b cr
|2 rdacarrier
|
| 490 |
0 |
|
|a Harvard East Asian monographs ;
|v 299
|
| 505 |
0 |
|
|a Lessons from Nuremberg -- The trial of Emperor Hirohito? -- Töjö and other suspects -- Narrative of the war -- Leadership responsibility for war crimes -- Nanking and the death railway -- Documenting Japanese atrocities -- The first trial analysts -- Pal's dissent and its repercussions.
|
| 520 |
|
|
|a Yuma Totani assesses the historical significance of the International Military Tribunal for the Far East (IMTFE) - commonly called the Tokyo trial - established as the eastern counterpart of the Nuremberg trial in the immediate aftermath of World War II.
|
| 588 |
|
|
|a Description based on print version record.
|
| 610 |
2 |
7 |
|a International Military Tribunal for the Far East.
|2 fast
|0 (OCoLC)fst00551670
|
| 610 |
2 |
0 |
|a International Military Tribunal for the Far East.
|
| 650 |
0 |
7 |
|a Internationales Militärtribunal für den Fernen Osten.
|2 swd
|
| 650 |
|
7 |
|a War crime trials.
|2 fast
|0 (OCoLC)fst01170459
|
| 650 |
|
7 |
|a Atrocities.
|2 fast
|0 (OCoLC)fst00820727
|
| 650 |
|
7 |
|a LAW
|x Military.
|2 bisacsh
|
| 650 |
|
0 |
|a World War, 1939-1945
|x Atrocities.
|
| 650 |
|
0 |
|a War crime trials
|z Japan.
|
| 651 |
|
7 |
|a Japan.
|2 fast
|0 (OCoLC)fst01204082
|
| 655 |
|
7 |
|a Electronic books.
|2 local
|
| 710 |
2 |
|
|a Project Muse.
|e distributor
|
| 830 |
|
0 |
|a Book collections on Project MUSE.
|
| 856 |
4 |
0 |
|z Texto completo
|u https://projectmuse.uam.elogim.com/book/61516/
|
| 945 |
|
|
|a Project MUSE - Custom Collection
|
| 945 |
|
|
|a Project MUSE - Archive Complete Supplement VIII
|
| 945 |
|
|
|a Project MUSE - Archive History Supplement VIII
|
| 945 |
|
|
|a Project MUSE - Archive Asian and Pacific Studies Supplement VII
|